| 000 | 07322namaa22004451i 4500 | ||
|---|---|---|---|
| 003 | EG-GICUC | ||
| 005 | 20260422130931.0 | ||
| 008 | 260408s2025 ua a|||frm||| 000 0 eng d | ||
| 040 |
_aEG-GICUC _beng _cEG-GICUC _dEG-GICUC _erda |
||
| 041 | 0 |
_aeng _beng _bara |
|
| 049 | _aDeposit | ||
| 082 | 0 | 4 | _a615.82 |
| 092 |
_a615.82 _221 |
||
| 097 | _aM.Sc | ||
| 099 | _aCai01.21.07.M.Sc.2025.Es.M | ||
| 100 | 0 |
_aEsraa Mamdouh Abd Elsalam, _epreparation. |
|
| 245 | 1 | 0 |
_aMaitland moblization and scapular stabilization exercises on shoulder dysfunction post neck dissection surgeries / _cby Esraa Mamdouh Abd Elsalam ; Supervisors Prof. Dr. Amal Mohamed Abd EL Baky, Prof. Dr. Ragab Ali Sherif, Dr. Noha Mohamed Kamel Ahmed., |
| 246 | 1 | 5 | _aالتمارين الحركية لميتلاند وتمرينات تثبيت لوح الكتف على الإعتلال الوظيفي لمفصل الكتفبعد جراحات تشريح الرقبة |
| 264 | 0 | _c2025. | |
| 300 |
_a96 pages : _billustrations ; _c25 cm. + _eCD. |
||
| 336 |
_atext _2rda content |
||
| 337 |
_aUnmediated _2rdamedia |
||
| 338 |
_avolume _2rdacarrier |
||
| 502 | _a Thesis (M.Sc)-Cairo University, 2025. | ||
| 504 | _aBibliography: pages 81 -93. | ||
| 520 | 3 | _aBackground: Patients who underwent neck dissection surgeries (NDS) frequently have shoulder impairments, particularly pain and functional limitations affecting their function in everyday life. Objective: This study was conducted to evaluate the effect of maitland mobilization and scapular stabilization exercises on shoulder dysfunction post NDS. Methods: Sixty patients (21 males, 39 females) aged from 30 to 50 years suffering from shoulder dysfunction post NDS participated in this study. They were selected randomly from Damanhur Oncology Center, El- Behira, Egypt. They were randomly distributed into three equal groups (each group 20 patients). Group (A) received maitland mobilization and scapular stabilization exercises. Group (B) received maitland mobilization. Group (C) received scapular stabilization exercises. Patients received their treatment 3 sessions per week for 2 months. All groups received the traditional physical therapy program in the form of (active ROM exercises (Pendulum exercise, finger ladder exercise and shoulder wheel exercise), stretching and strengthening exercises). Digital goniometer and Shoulder Pain and Disability Index (SPADI) were used to measure shoulder range of motion (ROM) and shoulder pain and function respectively before and after the intervention for all groups. Results: The three groups demonstrated a significant increase in shoulder flexion, abduction and external rotation ROM and a significant decrease in SPADI post-treatment compared with that pre- treatment. Between groups comparison revealed a significant increase in shoulder flexion, abduction and external rotation ROM and a significant decrease in SPADI of group A compared with that of group B and C post treatment. There was a significant increase in shoulder flexion and abduction ROM and a significant decrease in SPADI of group B compared with that of group C post treatment (p < 0.001), while there was no significant difference in external rotation ROM between group B and C post treatment (p > 0.05). Conclusion: The combination of maitland mobilization and scapular stabilization exercises is an effective treatment for decreasing pain, improving shoulder ROM and enhancing function in patients with shoulder dysfunction post NDS. | |
| 520 | 3 | _aالخلفية: يعاني المرضي الذين خضعوا لجراحات تشريح الرقبة من الإعتلال الوظيفي للكتف،وخاصة الألم والقيود الوظيفية التي تؤثر على وظائفهم في الحياة اليومية. الغرض: أجريت هذه الدراسة بهدف تقييم تأثير التمارين الحركية لميتلاند وتمرينات تثبيت لوح الكتف على الإعتلال الوظيفي لمفصل الكتف بعد جراحات تشريح الرقبة. وقد شارك في هذه الدراسة ستون مريضا˝٢١) ذكر، ٣٩ أنثي( تتراوح أعمارهم ما بين ٣٠ و ٥٠ عاما˝ ممن يعانون من الإعتلال الوظيفيللكتف بعد جراحات تشريح الرقبة ، وقد تم إختيارهم عشوائيا˝ من معهد الأورام بدمنهور،محافظة البحيرة، وقد تم تقسيمهم عشوائيا إلى ثلاث مجموعات متساوية ٢٠) مريضا˝ في كلمجموعة.( المجموعة )أ:( تلقت العلاج بالتمارين الحركية الميتلاند وتمرينات تثبيت لوح الكتف. المجموعة )ب( تلقت العلاج بالتمارين الحركية لميتلاند والمجموعة )ج( تلقت العلاج بتمرينات تثبيت لوح الكتف، وقد تلقي كل المرضي العلاج بواقع ثلاث جلسات اسبوعيا˝ لمدة شهرين كفترة إجمالية للعلاج وقد تلقي المرضي في كل المجموعات العلاج الطبيعي التقليدي. وقد تم استخدام، مقياس الزوايا الرقمي لقياس المدي الحركي للكتف ومؤشر الام الكتف والعجز لقياس ألم ووظيفةالكتف قبل وبعد تلقي العلاج لكل المجموعات. النتائج: قد أظهرت أن هناك زيادة ذو دلالةإحصائية في المدي الحركي لمفصل الكتف بالإضافة إلى إنخفاض كبير في مؤشر آلام الكتف والعجز في المجموعات الثلاثة ولكن بالمقارنة بينهم أظهرت النتائج فروق ذات دلالة إحصائية عالية بين المجموعات الثلاثة وكانت الأفضلية لصالح المجموعة )أ.(الإستنتاجات: تم التوصل إلى أن دمج التمارين الحركية لميتلاند وتمرينات تثبيت لوح الكتف هو وسيلة علاج فعالة لتقليلالألم وتحسين المدي الحركي ووظيفة الكتف في المرضي الذين يعانون من الإعتلال الوظيفي لمفصل الكتف بعد جراحات تشريح الرقبة. | |
| 530 | _aIssues also as CD. | ||
| 546 | _aText in English and abstract in Arabic & English. | ||
| 650 | 0 | _aPhysical Therapy | |
| 650 | 0 | _aالعلاج الطبيعي | |
| 653 | 1 |
_aMaitland Mobilization _aScapular Stabilization Exercises _aShoulder Dysfunction _aShoulder Pain and Disability Index and Neck Dissection Surgeries _aالتمارين الحركية لميتلاند _aتمرينات تثبيت لوح الكتف |
|
| 700 | 0 |
_aAmal Mohamed Abd EL Baky _ethesis advisor. |
|
| 700 | 0 |
_aRagab Ali Sherif _ethesis advisor. |
|
| 700 | 0 |
_aNoha Mohamed Kamel Ahmed _ethesis advisor. |
|
| 900 |
_b01-01-2025 _cAmal Mohamed Abd EL Baky _cRagab Ali Sherif _cNoha Mohamed Kamel Ahmed _UCairo University _FFaculty of Physical Therapy _DDepartment of Physical Therapy for Surgery |
||
| 905 |
_aShimaa _eEman Ghareb |
||
| 942 |
_2ddc _cTH _e21 _n0 |
||
| 999 | _c179319 | ||